000 00701nam a2200241Ia 4500
003 OSt
005 20221002050716.0
006 a|||||r|||| 00| 0
007 ta
008 220930b |||||||| |||| 00| 0 eng d
024 _a19651
037 _cReference Collections
040 _aCRL
_cCRL
_beng
041 _2eng
_aeng
082 _ak27731,N9, N0.1-.3 (RR)
100 _aChatterjee Suhas
245 0 _aMizoram encyclopaedia
260 _aBombay
_bJaico
_c1990
300 _a241p, 242-515p, 516-790p
_ccm.
650 _aENCYCLOPEDIAS AND DICTIONARIES
_977
942 _hk27731,N9, N0.1-.3 (RR)
_cref
_2CC
999 _c915221
_d915221